000 00523nam a2200193 i 4500
001 bg
100 1 _aOCHOTA, Pelagia.
245 1 0 _aBilans a cash-flow /
_cPelagia Ochota.
260 _aWarszawa :
_b"Subdan-Druk",
_c1998.
300 _a150 s., [2] k. tabl. złoż. ;
_c21 cm.
650 9 _aPrzedsiębiorstwo
_xfinanse
_xsprawozdawczość
020 _a8390857332
040 _cBPK
041 0 _apl
080 _a658.14/.17:657
920 _a83-908573-3-2
942 _cKS
008 s pl f |000 0 pol
999 _c33374
_d33374
856 _uhttp://koha.tu.koszalin.pl/cgi-bin/koha/opac-detail.pl?biblionumber=33374
_yKatalog online BPK